000 00862cpmaa2200253 4500
001 mm 82006110
003 DLC
005 20260227111712.0
008 820309|||||||||||| fre
010 _amm 82006110
040 _aDLC
_cDLC
_edacs
_dDLC
072 7 _aW
_2lcmd
100 1 _aBeust, Friedrich Ferdinand,
_cGraf von,
_d1809-1886.
245 0 0 _aFriedrich Ferdinand, Graf von Beust, correspondence,
_f1866.
300 _a1
_fitem.
506 0 _aOpen to research.
545 0 _aGerman statesman and diplomat.
546 _aCollection material in French.
580 _aForms part of: Miscellaneous Manuscripts collection.
656 7 _aDiplomats.
_2itoamc
656 7 _aStatesmen.
_2itoamc
999 _c43429
_d43429